Welcome to the Holygrace Academy Library

Please use search bar below to get started

HELP YOUR KIDS WITH MATHS (Record no. 1304)

MARC details
000 -LEADER
fixed length control field 00403nam a22001577a 4500
020 ## - INTERNATIONAL STANDARD BOOK NUMBER
ISBN 9781405322461
082 ## - DEWEY DECIMAL CLASSIFICATION NUMBER
Classification number 510
Item number VOR/H
100 ## - MAIN ENTRY--AUTHOR NAME
Personal name VORDERMAN CAROL
245 ## - TITLE STATEMENT
Title HELP YOUR KIDS WITH MATHS
Remainder of title MATHEMATICS
246 ## - VARYING FORM OF TITLE
Title proper/short title HELP YOUR KIDS WITH MATHS
Remainder of title MATHEMATICS
260 ## - PUBLICATION, DISTRIBUTION, ETC. (IMPRINT)
Place of publication DELHI
Name of publisher DARLING KINDERSLEY LIMITED
Year of publication 2013
300 ## - PHYSICAL DESCRIPTION
Number of Pages 255
520 ## - SUMMARY, ETC.
Summary, etc MATHEMATICS
650 ## - SUBJECT ADDED ENTRY--TOPICAL TERM
Topical Term MATHEMATICS
942 ## - ADDED ENTRY ELEMENTS (KOHA)
Koha item type Books
Holdings
Withdrawn status Lost status Home library Current library Shelving location Date acquired Source of acquisition Cost, normal purchase price Full call number Accession Number Koha item type
    Main Library Main Library SHELF-5 B REFERENCE MATHS 23/09/2014 Purchase 1335.00 510 VOR/H 07377 Books